00387cam a2200145 4500020001500000020001500015020001500030082001200045100001700057245005500074260002800129300002200157505003800179650002400217 a058240746x a0582442079 a058244221400a547 FIN1 aFinar, I. L.00aOrganic chemistry .Vol1:The fundemental Principles aLondon,bLongman,c1962 av. 906pbillus.1 av. 1. The fundamental principles. 0aChemistry, Organic.